• 首页
  • 本馆介绍
  • 公告通知
  • 最新文献
  • 馆藏检索
  • 电子资源
  • 读者导购
  • 参考咨询
  • 我的图书馆
  • 登录
  • 详细信息显示
  • 放入我的书架
  • 预约/预借图书
  • 作者相关作品
  • 分类相关作品
  • 丛书相关作品
  • 出版社相关作品

书目信息

  • 表格格式
  • 工作单格式
  • 卡片格式
题名:
亚原子物理学
    
 
作者: 弗朗费尔德 , 亨利 著 ;王忠民 译
分册:  
出版信息: 北京   原子能出版社  1981
页数: 425页
开本: 25cm
丛书名:
单 册:
中图分类: O57
科图分类:
主题词: 核物理学
电子资源:
ISBN:
000 00757nam0 2200253 45
001 0181005008
005 20060731083100.14
010    @dCNY3.55
091    @a15175.304
100    @a19950302d1981 emky0chiy0121 ea
101 1  @achi@ceng
102    @aCN@b110000
105    @ay z 000yy
200 10 @a亚原子物理学@Aya yuan zi wu li xue@f(美)H·弗朗费尔德,E·M·亨利著@F(mei)H·fu lang fei er de,E·M·heng li zhu@g王忠民等译
210    @a北京@c原子能出版社@d1981
215    @a425页@d25cm
606    @a核物理学
690    @aO57@v3
701  1 @a弗朗费尔德@Afu lang fei er de@bH.@4著
701  1 @a亨利@Aheng li@bE.M.@4著
702  0 @a王忠民@Awang zhong min@4译
801  2 @aCN@bNLC@c20060731
801  0 @aCN@b上海图书馆@c20060720
905    @dO57@e30
    
    亚原子物理学/(美)H·弗朗费尔德,E·M·亨利著/王忠民等译.-北京:原子能出版社,1981
    425页;25cm
    
    
    ISBN :CNY3.55
    
●
相关链接 在E读中查询图书 在五车中查询图书 在当当中查询图书 在豆瓣中查询图书


正题名:亚原子物理学     索取号:O57/30         预约/预借

序号 登录号 条形码 馆藏地/架位号 状态 备注
1 0175122   001452449   第二样本阅览室/ [索取号:O57/30] 在馆    
2 0218184   001452458   第三借阅区/ [索取号:O57/30] 在馆    
3 0421391   204213911   密集书库/ [索取号:O57/30] 在馆    
4 0431983   204319834   密集书库/ [索取号:O57/30] 在馆    
5 0434037   204340374   密集书库/ [索取号:O57/30] 在馆    
6 0434038   204340383   密集书库/ [索取号:O57/30] 在馆    
7 0434039   204340392   密集书库/ [索取号:O57/30] 在馆    
唐山师范学院图书馆 欢迎您!
大连网信软件有限公司© 版权所有